01139nam a22002897a 450000500170000000800410001701000150005802000260007303500130009903700130011204000130012508200160013810000030015424501600015725000120031726000300032927000680035930000730042750000520050050000710055254600580062365000480068165000560072970000180078570000200080370000260082320110518124455.0110518t xxu||||| |||| 00| 0 eng d aENG-102488 a9788190891875c795.00 aEN-86021 bDBAD/PUB adplbEng a297.4380954  aGināns :cedited by Tazim R. Kassam [and] Françoise Mallisonb texts and contexts : essays on Ismaili hymns from South Asia in honour of Zawahir Moir / aRev. ed aDelhibPrimus Booksc2010 aVirat Bhavan, Mukherjee Nagar Commercial ComplexbDelhie110009 axxvi, 225 p., [1] leaf of plate :c25 cm (Hb)bcol. ill. e1 CD -ROM a Includes bibliographical references and index. aBased on presentations at a conference on Apr. 6-7, 2002 in France aIncludes Gināns text in Gujarati and Urdu b(roman) aGinans xHistory and criticismvCongresses. aIndic poetry x History and criticismvCongresses. aMoir, Zawahir aKassam, Tazim R aMallison, Françoise